Дело относительно покупок для Зимнего дворца материалов и вещей и об отнесении экстренных работ и потребностей на ремонтные сумм...

Доступно только в Электронных читальных залах Найти на картеНа карте
RUSMARC
00003855nmc2a22002413x 450
001098d8959-fedd-4c93-9013-62dbae11eb57
00520220901124527.0
100##$a20220407l18411842k l0rusy0189 ca
1010#$arus
102##$aRU
105##$ay###
1222#$ad
2001#$aДело относительно покупок для Зимнего дворца материалов и вещей и об отнесении экстренных работ и потребностей на ремонтные суммы по этому дворцу; равно и обревизовании камер-цалмейстерских кладовых
$j9 декабря 1841 г. - 26 февраля 1842 г.
215##$a40 л.
$d36,5х26 см
251##$cДело
300##$aНа обложке указано: "Продолжение дела по ревизии кладовых по 2 столу 3 экспедиции за №6"
371##$aДокумент не является опубликованным и широко распространяемым
461#0$1001625a9a7e-a890-4307-a7fe-826a2289a412
$12001
$aГоф-интенданская контора Министерства императорского двора
$1251
$cФонд
$1852
$j470
462#0$10013b995d6e-58fd-412c-9c29-c11444cea082
$12001
$aПо Зимнему дворцу
$1251
$cОпись
$1852
$j1
$l82-516
801#0$aRU
$bРГИА
$c20220407
$gRCR
801#1$aRU
$bГлавНИВЦ
$c20220407
$2rusmarc
801#2$aRU
$bПБ им. Б.Н. Ельцина
$c20220901
$gRCR
$2rusmarc
850##$aРГИА
852##$aРГИА
$eФедеральное казенное учреждение "Российский государственный исторический архив" (РГИА)
$j297
937##$hРГИА
$d12382574
$aASBIBLIO_SCAN
035##$aRusGRCC00042758
856##$uhttp://readingroom.main.prlib.ru/item.aspx?id_node=n178587489&mode=full
Формат отображения